Statistiques concernant Pays de l'EAC

Cliquez ici pour prendre le quiz!

Statistiques générales

  • Ce quiz a été pris 153 fois
    (148 depuis la dernière actualisation)
  • Le résultat moyen est 5 sur 6

Statistiques - réponses

Pays% Correct
Kenya
95%
Tanzanie
94%
Rwanda
83%
Ouganda
79%
Burundi
76%
Soudan du Sud
50%

Distribution des résultats

Percentile par nombre de réponses

% des personnes avec chaque résultat

Votre développement - résultats

Vous n’avez pas pris ce quiz depuis la dernière actualisation